Spoon river anthology

में बचाया:
ग्रंथसूची विवरण
मुख्य लेखक: Masters, Edgar Lee (autor)
स्वरूप: पुस्तक
भाषा:अंग्रेज़ी
प्रकाशित: Nueva York Collier Books 1962
विषय:
टैग: टैग जोड़ें
कोई टैग नहीं, इस रिकॉर्ड को टैग करने वाले पहले व्यक्ति बनें!

MARC

LEADER 00000nam a2200000 a 4500
001 UCO5044
003 CL-VaPUC
008 000825e19620000US |||||||||||||||||eng|d
082 0 4 |a 811  |b MAS  |2 21 
100 |a Masters, Edgar Lee  |e autor  |9 581438 
245 1 0 |a Spoon river anthology 
300 |a 318 p 
942 |c BK 
945 |d 20000825 00:00:00  |a crobeson 
260 |a Nueva York  |b Collier Books  |c 1962 
650 7 |a POESIAS ESTADOUNIDENSES  |2 CL-VaPUC  |9 449797 
650 0 |a Literatura estadounidense  |9 317168 
583 |a last modification  |c 20000825 00:00:00  |k Rodrigo Vera 
999 |c 291000  |d 290998 
952 |0 0  |1 0  |4 0  |6 811_000000000000000_MAS_1962  |7 0  |8 A  |9 340634  |a BIBART  |b BIBART  |d 2019-11-20  |i 121831K  |o 811 MAS 1962  |p 121831K  |r 2025-03-13  |w 2019-11-20  |y BK  |k ART